ASOIAF - Targaryen Kings, Queens and Usurpers - Statistics

General Stats
  • This quiz has been taken 818 times
  • The average score is 19 of 20
Answer Stats
Reign Kings, Queens and Usurpers Alias % Correct
131–157 Aegon III Targaryen The Dragonbane
100%
129 - 131 AC Aegon II Targaryen the Elder
100%
1–37 AC Aegon I Targaryen The Conqueror
100%
172–184 AC Aegon IV Targaryen The Unworthy
100%
233–259 AC Aegon V Targaryen The Unlikely
100%
262–283 AC Aerys II Targaryen The Mad King
99%
209–221 AC Aerys I Targaryen The Prophet
99%
298 AC - Present Daenerys I Targaryen The Mother of Dragons
98%
171 - 172 AC Viserys II Targaryen Of Lys
98%
103–129 AC Viserys I Targaryen The Young King
98%
283 -298 AC Viserys Targaryen The Beggar King
98%
42–48 AC Maegor I Targaryen The Cruel
97%
37–42 AC Aenys I Targaryen King Abomination
93%
161–171 AC Baelor I Targaryen The Blessed
93%
259–262 AC Jaehaerys II Targaryen The Weak
93%
48–103 AC Jaehaerys I Targaryen The Conciliator
93%
129–130 AC Rhaenyra I Targaryen The Realm's Delight
92%
184–209 AC Daeron II Targaryen The Good
91%
157–161 AC Daeron I Targaryen The Young Dragon
91%
221–233 AC Maekar I Targaryen The Anvil
87%
No matching quizzes found
Score Distribution
Percent of People with Each Score
Percentile by Number Answered
Your Score History
You have not taken this quiz